El aprendizaje de la lectoescritura desde una perspectiva constructivista
Saved in:
| 主要作者: | |
|---|---|
| 格式: | 圖書 |
| 語言: | 西班牙语 |
| 出版: |
Barcelona
Grao
1999
|
| 版: | 1a. ed |
| 叢編: | Serie Lengua, 142-143
|
| 主題: | |
| 標簽: |
添加標簽
沒有標簽, 成為第一個標記此記錄!
|
MARC
| LEADER | 00000nam a2200000 a 4500 | ||
|---|---|---|---|
| 001 | UCO2442 | ||
| 003 | CL-VaPUC | ||
| 008 | 000602e19990000SP |||||||||||||||||spa|d | ||
| 020 | |a 8478272194v.1 | ||
| 020 | |a 8478272208v.2 | ||
| 082 | 0 | 4 | |a 372.4 |b DIE |2 21 |
| 100 | 0 | |a Díez de Ulzurrun Pausas, Ascen |e author |9 445599 | |
| 245 | 1 | 3 | |a El aprendizaje de la lectoescritura desde una perspectiva constructivista |
| 250 | |a 1a. ed | ||
| 300 | |a v | ||
| 942 | |c BK | ||
| 945 | |d 20000602 00:00:00 |a rbrito | ||
| 260 | |a Barcelona |b Grao |c 1999 | ||
| 500 | |a v.1: Actividades para realizar en el aula: textos funcionales y cuentos | ||
| 500 | |a v.2: Actividades para realizar en el aula: lenguaje publicitario, periodístico, del comic, popular, poético y de la correspondencia | ||
| 650 | 0 | |a Enseñanza de la escritura |9 307377 | |
| 650 | 7 | |a METODO LECTOESCRITURA |2 CL-VaPUC |9 429143 | |
| 650 | 0 | |a Escritura |9 264941 | |
| 583 | |a last modification |c 20000602 00:00:00 |k Rodrigo Vera | ||
| 490 | 0 | |a Serie Lengua, 142-143 | |
| 999 | |c 288953 |d 288951 | ||
| 952 | |0 0 |1 0 |4 0 |6 372_400000000000000_DIE_1999 |7 0 |8 A |9 336967 |a FDOPOS |b FDOPOS |d 2019-11-20 |h v.1 |i 3626075 |o 372.4 DIE 1999 |p 3626075 |r 2025-01-22 |w 2019-11-20 |y BK |k MLA | ||
| 952 | |0 0 |1 0 |4 0 |6 372_400000000000000_DIE_1999 |7 0 |8 A |9 336968 |a FDOPOS |b FDOPOS |d 2019-11-20 |h v.2 |i 3626083 |o 372.4 DIE 1999 |p 3626083 |r 2025-01-22 |w 2019-11-20 |y BK |k MLA | ||
| 952 | |0 0 |1 0 |4 0 |6 372_400000000000000_DIE_1999 |7 0 |8 A |9 336969 |a BIBEDU |b BIBEDU |c ES_NOD |d 2019-11-20 |h v.1 |i 3661172 |o 372.4 DIE 1999 |p 3661172 |r 2023-08-09 |w 2019-11-20 |y BK |k BME | ||
| 952 | |0 0 |1 0 |4 0 |6 372_400000000000000_DIE_1999 |7 0 |8 A |9 336970 |a BIBEDU |b BIBEDU |c ES_NOD |d 2019-11-20 |h v.1 |i 4065506 |l 1 |o 372.4 DIE 1999 |p 4065506 |r 2024-06-18 |s 2024-06-06 |w 2019-11-20 |y BK |k PAR | ||
| 952 | |0 0 |1 0 |4 0 |6 372_400000000000000_DIE_1999 |7 0 |8 A |9 336971 |a BIBEDU |b BIBEDU |c ES_NOD |d 2019-11-20 |h v.2 |i 4065514 |o 372.4 DIE 1999 |p 4065514 |r 2023-08-09 |w 2019-11-20 |y BK |k PAR | ||